| 000 | 00641cam a22002292 4500 | ||
|---|---|---|---|
| 001 | 0000005420 | ||
| 005 | 20151021151105.0 | ||
| 008 | 070613s xx 000 0 eng d | ||
| 020 |
_a9966282998 : _cKES 810 |
||
| 040 |
_aKABU _cKABU |
||
| 050 | 0 |
_aHJ3043 _b.S25 2005 |
|
| 100 | 1 |
_aSaleemi, Nisar Ahmad. _@0000151299 |
|
| 245 | 1 | 0 | _aTaxation I simplified. |
| 250 | _a5th. ed. | ||
| 260 |
_aNairobi : _bN. A. Saleemi, _c2005. |
||
| 300 | _a483 p. | ||
| 650 | 0 |
_aTaxation. _@0000059278 |
|
| 650 | 0 |
_aTaxation _zKenya. _@0000152741 |
|
| 908 | _a070613 | ||
| 950 | _@1 | ||
| 999 |
_c570 _d570 |
||